000
nam a22 7a 4500
999
_c
233546
_d
233546
005
20170308163200.0
008
170308b xxu||||| |||| 00| 0 eng d
040
_c
.
082
_a
BB-325
100
_a
Canonsburg
245
_a
Ansys
_c
Canonsburg
260
_a
USA
_c
2009.
300
_a
52 p. ;
942
_2
ddc
_c
BK